Geodetické práce počas výstavby objektu čerpacej stanice
Saved in:
| Main Author: | |
|---|---|
| Other Authors: | |
| Format: | Manuscript Book |
| Language: | Slovak |
| Published: |
2019
|
| Subjects: | |
| Online Access: | http://is.stuba.sk/zp/portal_zp.pl?podrobnosti=137030 https://opac.crzp.sk/?fn=detailBiblioForm&sid=1D69B1A76ABEB527B46DD3387708 |
| Tags: |
No Tags, Be the first to tag this record!
|
MARC
| LEADER | 00000ntm a22000003a 4500 | ||
|---|---|---|---|
| 001 | stuzp73551 | ||
| 003 | SK-STU | ||
| 005 | 20230526110539.9 | ||
| 007 | ta | ||
| 008 | 150427s2015----xo-----f-mn---000-0-slo-d | ||
| 040 | |a STU |b slo | ||
| 041 | 0 | |a slo | |
| 100 | 1 | |a Bodnárik, Jaroslav |u 010140 |4 aut |U SvF Stavebná fakulta |T SvF Katedra geodézie |X 87582 |U V140 |Y 14 |7 87582 | |
| 242 | 0 | 1 | |a Geodetic works during construction of object gas station |y eng |
| 245 | 1 | 0 | |a Geodetické práce počas výstavby objektu čerpacej stanice |
| 260 | |c 2019 | ||
| 650 | 4 | |a Čerpacia stanica |2 slo | |
| 650 | 4 | |a vytyčovacie práce |2 slo | |
| 650 | 4 | |a vytyčovacia sieť |2 slo | |
| 650 | 4 | |a setting out works |2 eng | |
| 650 | 4 | |a staking out network |2 eng | |
| 650 | 4 | |a Gas station |2 eng | |
| 700 | 1 | |a Bajtala, Marek |u 010140 |k Z1 |4 ths |U SvF Stavebná fakulta |T SvF Katedra geodézie |X 1018 |U V140 |Y 14 |7 A000001018 | |
| 856 | 4 | |u http://is.stuba.sk/zp/portal_zp.pl?podrobnosti=137030 | |
| 856 | 4 | |u https://opac.crzp.sk/?fn=detailBiblioForm&sid=1D69B1A76ABEB527B46DD3387708 | |